ការថែទាំមាត់ធ្មេញ / (Record no. 1479)
[ view plain ]
| 000 -LEADER | |
|---|---|
| fixed length control field | 01431nam a22003017a 4500 |
| 005 - DATE AND TIME OF LATEST TRANSACTION | |
| control field | 20251023145951.0 |
| 020 ## - INTERNATIONAL STANDARD BOOK NUMBER | |
| International Standard Book Number | 9789995054205 |
| 040 ## - CATALOGING SOURCE | |
| Original cataloging agency | FISKH |
| Language of cataloging | eng |
| Transcribing agency | FISKH |
| Modifying agency | FISKH |
| 082 ## - DEWEY DECIMAL CLASSIFICATION NUMBER | |
| Classification number | 617.6 |
| 100 ## - MAIN ENTRY--PERSONAL NAME | |
| Personal name | Tepirro, Chhe |
| 245 ## - TITLE STATEMENT | |
| Title | ការថែទាំមាត់ធ្មេញ / |
| 250 ## - EDITION STATEMENT | |
| Edition statement | បោះពុម្ពលើកទី ៨ កុម្ភៈ ២០២២ |
| 260 ## - PUBLICATION, DISTRIBUTION, ETC. | |
| Place of publication, distribution, etc. | Phnom Penh : |
| Name of publisher, distributor, etc. | Sipar, |
| Date of publication, distribution, etc. | 2022. |
| 300 ## - PHYSICAL DESCRIPTION | |
| Extent | 28 pages : |
| Other physical details | color illustrations ; |
| Dimensions | 29 cm |
| 490 ## - SERIES STATEMENT | |
| Series statement | បំណិនជីវិត |
| 505 ## - FORMATTED CONTENTS NOTE | |
| Formatted contents note | Z'<br/> |
| 520 ## - SUMMARY, ETC. | |
| Summary, etc. | បង្ហាញពីតួនាទីរបស់មាត់ធ្មេញពីមូលហេតុដែលបង្កឳ្យមានជំងឺ ពីរបៀបដុសសម្អាត ព្រមទាំងការញ៉ាំចំណីដែលធ្វើឳ្យធ្មេញរឹងមាំទៀតផង។ |
| 520 ## - SUMMARY, ETC. | |
| Summary, etc. | Demonstrate the role of the mouth, the cause of the disease, how to brush and eat, as well as eating foods that strengthen the teeth. |
| 521 ## - TARGET AUDIENCE NOTE | |
| Target audience note | 1120<br/> |
| Source | Lexile estimate<br/> |
| 521 ## - TARGET AUDIENCE NOTE | |
| Target audience note | Z'<br/> |
| Source | Raz-Plus<br/> |
| 650 ## - SUBJECT ADDED ENTRY--TOPICAL TERM | |
| Topical term or geographic name entry element | តួនាទី |
| Form subdivision | មូលហេតុ |
| General subdivision | សម្អាត |
| 650 ## - SUBJECT ADDED ENTRY--TOPICAL TERM | |
| Topical term or geographic name entry element | Role |
| Form subdivision | Cause |
| General subdivision | Clean |
| 700 ## - ADDED ENTRY--PERSONAL NAME | |
| Personal name | Sophaleap, Nhoek |
| Titles and other words associated with a name | illustrator |
| 700 ## - ADDED ENTRY--PERSONAL NAME | |
| Personal name | Rotha, Ouk |
| Titles and other words associated with a name | illustrator |
| 700 ## - ADDED ENTRY--PERSONAL NAME | |
| Personal name | Hoksrin, Chrim |
| Titles and other words associated with a name | illustrator |
| 942 ## - ADDED ENTRY ELEMENTS (KOHA) | |
| Source of classification or shelving scheme | Dewey Decimal Classification |
| Koha item type | Books |
| Suppress in OPAC | No |
| 999 ## - | |
| -- | 1479 |
| -- | 1479 |
| Withdrawn status | Lost status | Source of classification or shelving scheme | Damaged status | Not for loan | Collection | Home library | Current library | Shelving location | Date acquired | Total Checkouts | Full call number | Barcode | Date last seen | Copy number | Price effective from | Koha item type | Date last checked out |
|---|---|---|---|---|---|---|---|---|---|---|---|---|---|---|---|---|---|
| Dewey Decimal Classification | Khmer Non-Fiction / សៀវភៅខ្មែរ រឿងពិត | Footprints International School Library Network Toul Kork Campus | Footprints International School Library Network Toul Kork Campus | 08/28/2023 | TER 617.6 | 2023-0383 | 08/28/2023 | 1 | 08/28/2023 | Books | |||||||
| Dewey Decimal Classification | Khmer Non-Fiction / សៀវភៅខ្មែរ រឿងពិត | Footprints International School Library Network Toul Kork Campus | Footprints International School Library Network Toul Kork Campus | 08/28/2023 | 1 | TER 617.6 | 2023-0384 | 05/26/2025 | 2 | 08/28/2023 | Books | 05/21/2025 | |||||
| Dewey Decimal Classification | Khmer Non-Fiction / សៀវភៅខ្មែរ រឿងពិត | Footprints International School Library Network Toul Tom Poung Campus | Footprints International School Library Network Toul Tom Poung Campus | TTP Secondary Khmer Bookshelves | 10/23/2025 | TER 617.6 | FIS05269 | 10/23/2025 | 3 | 10/23/2025 | Books |
